[Event "1.CLZ 14/15,Unichess B-Karlovarsky sachklub"]
[Site "Praha"]
[Date "2015.02.15"]
[Round "8.1"]
[White "Bartos, Jan"]
[Black "Soukup, Jiri"]
[Result "1/2-1/2"]
[BlackElo "2356"]
[WhiteElo "2221"]
[LiveChessVersion "1.4.4"]

1. d4 {[%clk 1:30:58]} d5 {[%clk 1:30:52]} 2. c4 {[%clk 1:31:24]} dxc4
{[%clk 1:31:06]} 3. Nf3 {[%clk 1:31:47]} Nf6 {[%clk 1:31:26]} 4. e3
{[%clk 1:32:12]} e6 {[%clk 1:31:22]} 5. Bxc4 {[%clk 1:32:38]} a6 {[%clk 1:30:40]}
6. O-O {[%clk 1:32:55]} b5 {[%clk 1:30:57]} 7. Be2 {[%clk 1:32:53]} Bb7
{[%clk 1:30:06]} 8. Ne5 {[%clk 1:33:08]} Bd6 {[%clk 1:28:38]} 9. Bf3
{[%clk 1:33:09]} Qc8 {[%clk 1:28:07]} 10. a4 {[%clk 1:23:08]} Bxe5
{[%clk 1:22:21]} 11. dxe5 {[%clk 1:23:31]} Nfd7 {[%clk 1:21:51]} 12. axb5
{[%clk 1:19:51]} Nxe5 {[%clk 1:21:17]} 13. Bxb7 {[%clk 1:19:51]} Qxb7
{[%clk 1:21:42]} 14. bxa6 {[%clk 1:20:07]} Rxa6 {[%clk 1:21:51]} 15. Rxa6
{[%clk 1:20:29]} Qxa6 {[%clk 1:20:39]} 16. Nc3 {[%clk 1:19:48]} O-O
{[%clk 1:19:09]} 17. Qa4 {[%clk 1:17:07]} Qxa4 {[%clk 1:14:37]} 18. Nxa4
{[%clk 1:17:34]} Rd8 {[%clk 1:11:40]} 19. e4 {[%clk 1:17:10]} Nd3
{[%clk 1:06:24]} 20. Rd1 {[%clk 1:14:02]} Nc6 {[%clk 1:04:10]} 21. Be3
{[%clk 1:13:49]} Kf8 {[%clk 0:52:37]} 22. Kf1 {[%clk 1:10:06]} Ke8
{[%clk 0:49:54]} 23. Ke2 {[%clk 1:09:06]} Ncb4 {[%clk 0:48:13]} 24. g3
{[%clk 1:07:14]} h6 {[%clk 0:46:16]} 25. Bc5 {[%clk 1:03:53]} Ra8
{[%clk 0:42:04]} 26. Bxb4 {[%clk 0:58:03]} Nxb4 {[%clk 0:42:22]} 27. b3
{[%clk 0:55:08]} Nc6 {[%clk 0:40:37]} 28. Ke3 {[%clk 0:52:07]} Rb8
{[%clk 0:34:06]} 29. Rd3 {[%clk 0:46:58]} e5 {[%clk 0:28:53]} 30. Rc3
{[%clk 0:36:40]} Kd7 {[%clk 0:27:57]} 31. f4 {[%clk 0:25:07]} f6 {[%clk 0:24:53]}
32. Nc5+ {[%clk 0:23:36]} Kd6 {[%clk 0:24:34]} 33. Nd3 {[%clk 0:22:42]} Rb5
{[%clk 0:22:24]} 34. fxe5+ {[%clk 0:21:54]} fxe5 {[%clk 0:22:32]} 35. Nc1
{[%clk 0:19:26]} Nd4 {[%clk 0:20:51]} 36. Kd3 {[%clk 0:17:58]} Rb8
{[%clk 0:19:08]} 37. Kc4 {[%clk 0:12:43]} Rf8 {[%clk 0:18:16]} 38. b4
{[%clk 0:11:55]} Rf2 {[%clk 0:14:38]} 39. h4 {[%clk 0:12:06]} g5 {[%clk 0:12:32]}
40. hxg5 {[%clk 0:10:09]} hxg5 {[%clk 0:12:48]} 41. Nb3 {[%clk 0:07:15]} Nf3
{[%clk 0:06:12]} 42. Rd3+ {[%clk 0:29:32]} Ke7 {[%clk 0:37:08]} 43. Nc5
{[%clk 0:26:31]} Nd4 {[%clk 0:35:11]} 44. Nb3 {[%clk 0:18:29]} Rc2+
{[%clk 0:32:11]} 45. Kd5 {[%clk 0:18:28]} Nc6 {[%clk 0:31:33]} 46. Rf3
{[%clk 0:18:04]} g4 {[%clk 0:29:50]} 47. Rf5 {[%clk 0:17:03]} Rc3
{[%clk 0:27:53]} 48. Na5 {[%clk 0:14:35]} Nxb4+ {[%clk 0:25:04]} 49. Kxe5
{[%clk 0:14:24]} Rxg3 {[%clk 0:25:01]} 50. Rg5 {[%clk 0:11:15]} Rg1
{[%clk 0:23:03]} 51. Nc4 {[%clk 0:07:48]} Nd3+ {[%clk 0:21:39]} 52. Kd4
{[%clk 0:08:05]} Nf4 {[%clk 0:20:58]} 53. Ke3 {[%clk 0:06:43]} Ne6
{[%clk 0:20:31]} 54. Rg6 {[%clk 0:06:19]} Rg3+ {[%clk 0:19:19]} 55. Kf2
{[%clk 0:05:42]} Rf3+ {[%clk 0:19:27]} 56. Kg1 {[%clk 0:04:52]} g3
{[%clk 0:15:03]} 57. Nd2 {[%clk 0:03:53]} Rd3 {[%clk 0:14:58]} 58. Nf1
{[%clk 0:03:15]} Nf4 {[%clk 0:15:09]} 59. Rg4 {[%clk 0:02:30]} Ne2+
{[%clk 0:10:42]} 60. Kg2 {[%clk 0:02:45]} c5 {[%clk 0:08:20]} 61. Nxg3
{[%clk 0:02:46]} Nd4 {[%clk 0:07:29]} 62. Rg5 {[%clk 0:01:49]} Rd2+
{[%clk 0:07:33]} 63. Kf1 {[%clk 0:01:57]} Kd6 {[%clk 0:05:54]} 64. Nf5+
{[%clk 0:01:56]} Nxf5 {[%clk 0:06:04]} 65. Rxf5 {[%clk 0:02:17]} Rd4
{[%clk 0:06:21]} 66. Ke2 {[%clk 0:02:30]} Rxe4+ 1/2-1/2

[Event "1.CLZ 14/15,Unichess B-Karlovarsky sachklub"]
[Site "Praha"]
[Date "2015.02.15"]
[Round "8.2"]
[White "Stockova, Zuzana"]
[Black "Kozak, Milos"]
[Result "1-0"]
[BlackElo "2145"]
[WhiteElo "2378"]
[LiveChessVersion "1.4.4"]

1. e4 {[%clk 1:30:52]} e5 {[%clk 1:30:48]} 2. Bc4 {[%clk 1:29:30]} Nf6
{[%clk 1:31:00]} 3. d3 {[%clk 1:29:43]} Nc6 {[%clk 1:31:07]} 4. Nc3
{[%clk 1:26:07]} Na5 {[%clk 1:31:14]} 5. Nf3 {[%clk 1:21:36]} Nxc4
{[%clk 1:22:31]} 6. dxc4 {[%clk 1:22:00]} Bb4 {[%clk 1:17:07]} 7. Bd2
{[%clk 1:19:30]} d6 {[%clk 1:05:43]} 8. Qe2 {[%clk 1:17:46]} O-O {[%clk 1:03:21]}
9. O-O-O {[%clk 1:08:57]} Bd7 {[%clk 0:57:54]} 10. a3 {[%clk 0:56:44]} Bxc3
{[%clk 0:48:44]} 11. Bxc3 {[%clk 0:56:27]} Qb8 {[%clk 0:48:10]} 12. Nh4
{[%clk 0:53:36]} Bc6 {[%clk 0:40:26]} 13. f3 {[%clk 0:47:47]} Re8
{[%clk 0:33:37]} 14. Nf5 {[%clk 0:35:56]} Re6 {[%clk 0:22:32]} 15. h4
{[%clk 0:26:06]} b5 {[%clk 0:19:11]} 16. h5 {[%clk 0:22:00]} bxc4
{[%clk 0:08:50]} 17. Qe3 {[%clk 0:15:05]} Qf8 {[%clk 0:07:17]} 18. Rh3
{[%clk 0:10:13]} a5 {[%clk 0:06:30]} 19. Qg5 {[%clk 0:09:29]} Ne8
{[%clk 0:04:09]} 20. Rg3 {[%clk 0:09:20]} Kh8 {[%clk 0:03:59]} 21. Re1
{[%clk 0:09:03]} Bd7 {[%clk 0:02:08]} 22. f4 {[%clk 0:08:26]} h6 {[%clk 0:01:13]}
23. Qh4 {[%clk 0:08:24]} Kh7 {[%clk 0:00:42]} 24. Rf1 {[%clk 0:04:54]} Bc6
{[%clk 0:00:42]} 25. Re1 {[%clk 0:02:43]} Bd7 {[%clk 0:01:02]} 26. Kb1
{[%clk 0:01:54]} Bc6 {[%clk 0:00:56]} 27. Ka2 {[%clk 0:02:10]} f6
{[%clk 0:00:38]} 28. Rg6 {[%clk 0:02:11]} exf4 {[%clk 0:00:44]} 29. Qxf4
{[%clk 0:02:28]} d5 {[%clk 0:00:45]} 30. Nxg7 {[%clk 0:00:05]} Nxg7
{[%clk 0:00:45]} 31. Qxh6+ {[%clk 0:00:57]} Kg8 {[%clk 0:01:10]} 32. Bxf6
{[%clk 0:01:15]} Rxf6 {[%clk 0:01:08]} 33. Rxf6 {[%clk 0:01:41]} Qe8
{[%clk 0:01:11]} 34. Rxc6 {[%clk 0:01:32]} Qe7 {[%clk 0:00:55]} 35. Qg6
{[%clk 0:01:22]} Kh8 {[%clk 0:00:46]} 36. h6 {[%clk 0:01:04]} Ne8
{[%clk 0:01:03]} 37. Re6 {[%clk 0:01:24]} Qd7 {[%clk 0:00:59]} 38. exd5
{[%clk 0:01:40]} 1-0

[Event "1.CLZ 14/15,Unichess B-Karlovarsky sachklub"]
[Site "Praha"]
[Date "2015.02.15"]
[Round "8.3"]
[White "Formanek, Martin"]
[Black "Tichy, Stepan"]
[Result "1/2-1/2"]
[BlackElo "2146"]
[WhiteElo "2216"]
[LiveChessVersion "1.4.4"]

1. e4 {[%clk 1:29:59]} e6 {[%clk 1:30:51]} 2. d3 {[%clk 1:30:13]} d5
{[%clk 1:30:31]} 3. Nd2 {[%clk 1:30:35]} Nd7 {[%clk 1:30:13]} 4. g3
{[%clk 1:30:49]} Ngf6 {[%clk 1:27:31]} 5. Bg2 {[%clk 1:31:02]} dxe4
{[%clk 1:26:29]} 6. Nxe4 {[%clk 1:30:43]} Nxe4 {[%clk 1:26:18]} 7. Bxe4
{[%clk 1:31:02]} Nf6 {[%clk 1:26:14]} 8. Bg2 {[%clk 1:31:26]} Bd6
{[%clk 1:23:58]} 9. Ne2 {[%clk 1:30:26]} O-O {[%clk 1:23:22]} 10. O-O
{[%clk 1:30:43]} c6 {[%clk 1:22:49]} 11. b3 {[%clk 1:28:58]} Qa5 {[%clk 1:17:44]}
12. Bb2 {[%clk 1:27:27]} Qh5 {[%clk 1:17:50]} 13. Nd4 {[%clk 1:24:51]} Qh6
{[%clk 1:08:50]} 14. Nf3 {[%clk 1:13:13]} Re8 {[%clk 1:02:51]} 15. d4
{[%clk 1:11:52]} Qh5 {[%clk 0:49:02]} 16. c4 {[%clk 1:05:50]} Bd7
{[%clk 0:45:24]} 17. Ne5 {[%clk 1:05:13]} Qxd1 {[%clk 0:45:28]} 18. Raxd1
{[%clk 1:05:32]} Rad8 {[%clk 0:45:44]} 19. Bc3 {[%clk 1:01:56]} Bc7
{[%clk 0:44:18]} 20. b4 {[%clk 0:51:14]} Bc8 {[%clk 0:44:17]} 21. a4
{[%clk 0:49:02]} Nd7 {[%clk 0:43:16]} 22. Nd3 {[%clk 0:44:52]} Nf8
{[%clk 0:30:34]} 23. b5 {[%clk 0:39:45]} cxb5 {[%clk 0:28:13]} 24. axb5
{[%clk 0:39:08]} Nd7 {[%clk 0:18:00]} 25. Ra1 {[%clk 0:27:11]} Bb8
{[%clk 0:18:13]} 26. Rfd1 {[%clk 0:27:28]} Nb6 {[%clk 0:17:00]} 27. Nb2
{[%clk 0:27:23]} Re7 {[%clk 0:14:18]} 28. Ba5 {[%clk 0:25:41]} Rde8
{[%clk 0:12:24]} 29. c5 {[%clk 0:24:41]} Nd5 {[%clk 0:12:32]} 30. Nc4
{[%clk 0:24:36]} b6 {[%clk 0:07:10]} 31. cxb6 {[%clk 0:21:54]} axb6
{[%clk 0:07:32]} 32. Nxb6 {[%clk 0:20:49]} Bb7 {[%clk 0:06:37]} 33. Rac1
{[%clk 0:14:18]} Nxb6 {[%clk 0:06:00]} 34. Bxb6 {[%clk 0:14:35]} Bxg2
{[%clk 0:06:10]} 35. Kxg2 {[%clk 0:15:01]} Rb7 {[%clk 0:05:46]} 36. Rc6
{[%clk 0:15:22]} Ba7 {[%clk 0:03:46]} 37. Bxa7 {[%clk 0:15:12]} Rxa7
{[%clk 0:04:15]} 38. d5 {[%clk 0:14:58]} exd5 {[%clk 0:03:55]} 39. Rxd5
{[%clk 0:15:23]} g6 {[%clk 0:03:48]} 40. b6 {[%clk 0:13:29]} Rb7 {[%clk 0:04:00]}
41. Rdd6 {[%clk 0:11:27]} Ree7 {[%clk 0:00:55]} 42. g4 {[%clk 0:01:35]} Kg7
{[%clk 0:27:11]} 43. h4 {[%clk 0:31:20]} Re5 {[%clk 0:24:51]} 44. g5
{[%clk 0:24:10]} h6 {[%clk 0:19:27]} 45. f4 {[%clk 0:22:45]} Re2+
{[%clk 0:18:50]} 46. Kf3 {[%clk 0:21:59]} Rbe7 {[%clk 0:18:48]} 47. Rd3
{[%clk 0:21:36]} Rb2 {[%clk 0:14:49]} 48. f5 {[%clk 0:17:58]} Rb7
{[%clk 0:09:05]} 49. fxg6 {[%clk 0:14:31]} hxg5 {[%clk 0:08:09]} 50. h5
{[%clk 0:14:50]} R2xb6 {[%clk 0:06:07]} 51. Rxb6 {[%clk 0:12:59]} Rxb6
{[%clk 0:06:36]} 52. Rd7 {[%clk 0:13:20]} Kh6 {[%clk 0:04:18]} 53. gxf7
{[%clk 0:11:07]} Rf6+ {[%clk 0:04:29]} 54. Ke4 {[%clk 0:09:17]} Kg7
{[%clk 0:03:52]} 55. h6+ {[%clk 0:07:14]} Rxh6 {[%clk 0:03:48]} 56. Kf5
{[%clk 0:07:38]} Rf6+ {[%clk 0:04:06]} 57. Kxg5 {[%clk 0:08:04]} Rxf7
{[%clk 0:04:33]} 1/2-1/2

[Event "1.CLZ 14/15,Unichess B-Karlovarsky sachklub"]
[Site "Praha"]
[Date "2015.02.15"]
[Round "8.4"]
[White "Prochazka, Dalibor"]
[Black "Dvorak, Jan"]
[Result "1-0"]
[BlackElo "2197"]
[WhiteElo "2178"]
[LiveChessVersion "1.4.4"]

1. e4 {[%clk 1:30:54]} e6 {[%clk 1:30:55]} 2. d4 {[%clk 1:31:20]} d5
{[%clk 1:31:22]} 3. exd5 {[%clk 1:31:47]} exd5 {[%clk 1:31:46]} 4. Qf3
{[%clk 1:32:13]} Nf6 {[%clk 1:23:38]} 5. h3 {[%clk 1:32:30]} Bd6 {[%clk 1:21:37]}
6. Bd3 {[%clk 1:32:32]} h6 {[%clk 1:15:29]} 7. Ne2 {[%clk 1:31:01]} Nc6
{[%clk 1:04:48]} 8. c3 {[%clk 1:31:09]} Be6 {[%clk 1:03:26]} 9. Be3
{[%clk 1:10:26]} Ne7 {[%clk 0:58:11]} 10. Nf4 {[%clk 1:01:59]} Qd7
{[%clk 0:49:29]} 11. g4 {[%clk 0:47:40]} O-O-O {[%clk 0:43:10]} 12. Nd2
{[%clk 0:42:51]} Nh7 {[%clk 0:36:18]} 13. Nxe6 {[%clk 0:38:15]} Qxe6
{[%clk 0:30:46]} 14. O-O-O {[%clk 0:37:29]} Ng5 {[%clk 0:28:46]} 15. Qg2
{[%clk 0:33:19]} Qf6 {[%clk 0:28:53]} 16. h4 {[%clk 0:27:54]} Nh7
{[%clk 0:26:51]} 17. f4 {[%clk 0:21:23]} Qe6 {[%clk 0:21:35]} 18. f5
{[%clk 0:20:40]} Qd7 {[%clk 0:19:50]} 19. Rhf1 {[%clk 0:18:30]} Nf6
{[%clk 0:15:54]} 20. g5 {[%clk 0:15:12]} hxg5 {[%clk 0:16:11]} 21. hxg5
{[%clk 0:15:35]} Rh2 {[%clk 0:15:02]} 22. Qf3 {[%clk 0:14:19]} Ne4
{[%clk 0:13:28]} 23. Nxe4 {[%clk 0:12:54]} dxe4 {[%clk 0:13:54]} 24. Bxe4
{[%clk 0:12:37]} Qa4 {[%clk 0:13:41]} 25. Rf2 {[%clk 0:09:38]} Rxf2
{[%clk 0:13:03]} 26. Bxf2 {[%clk 0:09:07]} Qxa2 {[%clk 0:12:59]} 27. Bxb7+
{[%clk 0:08:16]} Kb8 {[%clk 0:13:22]} 28. Be4 {[%clk 0:05:20]} f6
{[%clk 0:10:27]} 29. g6 {[%clk 0:04:20]} Qa1+ {[%clk 0:10:09]} 30. Kc2
{[%clk 0:04:16]} Qa4+ {[%clk 0:10:28]} 31. Kb1 {[%clk 0:04:31]} Qb3
{[%clk 0:09:56]} 32. Bc2 {[%clk 0:04:27]} Qb5 {[%clk 0:10:17]} 33. Bd3
{[%clk 0:04:08]} Qb3 {[%clk 0:10:35]} 34. Bc2 {[%clk 0:02:55]} Qb5
{[%clk 0:11:02]} 35. Qd3 {[%clk 0:03:02]} Qb6 {[%clk 0:09:13]} 36. c4
{[%clk 0:02:21]} Qb7 {[%clk 0:08:54]} 37. Bg3 {[%clk 0:01:37]} Bxg3
{[%clk 0:07:14]} 38. Qxg3 {[%clk 0:02:05]} Nc6 {[%clk 0:07:33]} 39. Be4
{[%clk 0:01:09]} Qb6 {[%clk 0:07:42]} 40. c5 {[%clk 0:00:38]} Qb5
{[%clk 0:07:13]} 41. Qc3 {[%clk 0:19:03]} Nb4 {[%clk 0:33:55]} 42. Qb3
{[%clk 0:03:51]} a5 {[%clk 0:32:32]} 43. Rc1 {[%clk 0:02:54]} Qe2
{[%clk 0:31:27]} 44. Bf3 {[%clk 0:02:22]} Qd2 {[%clk 0:27:26]} 45. d5
{[%clk 0:01:47]} Qf4 {[%clk 0:26:57]} 46. d6 {[%clk 0:00:46]} cxd6
{[%clk 0:26:18]} 47. c6 {[%clk 0:00:48]} Qxf5+ {[%clk 0:24:57]} 48. Ka1
{[%clk 0:01:18]} Rc8 {[%clk 0:25:02]} 49. Qf7 {[%clk 0:00:39]} Qb5
{[%clk 0:22:09]} 50. c7+ {[%clk 0:01:07]} Ka7 {[%clk 0:22:27]} 51. Qe6
{[%clk 0:01:26]} Qa4+ {[%clk 0:20:50]} 52. Kb1 {[%clk 0:01:55]} d5
{[%clk 0:20:46]} 53. Bxd5 {[%clk 0:01:58]} Nxd5 {[%clk 0:20:55]} 54. Qxd5
{[%clk 0:00:57]} Qb4 {[%clk 0:19:35]} 55. Rc5 {[%clk 0:00:34]} Kb6
{[%clk 0:19:17]} 56. Rc6+ {[%clk 0:00:46]} Ka7 {[%clk 0:19:44]} 57. Rc4
{[%clk 0:00:54]} Qb6 {[%clk 0:19:36]} 58. Rc5 {[%clk 0:01:05]} Qb4
{[%clk 0:19:27]} 59. Rb5 {[%clk 0:00:38]} Qe1+ {[%clk 0:19:47]} 60. Ka2
{[%clk 0:01:07]} 1-0

[Event "1.CLZ 14/15,Unichess B-Karlovarsky sachklub"]
[Site "Praha"]
[Date "2015.02.15"]
[Round "8.5"]
[White "Novacek, Jan"]
[Black "Contos, Vaclav"]
[Result "1-0"]
[BlackElo "2104"]
[WhiteElo "2137"]
[LiveChessVersion "1.4.4"]

1. e4 {[%clk 1:30:53]} c6 {[%clk 1:30:53]} 2. d4 {[%clk 1:31:14]} d5
{[%clk 1:31:16]} 3. f3 {[%clk 1:31:30]} Qb6 {[%clk 1:30:39]} 4. Nc3
{[%clk 1:30:19]} dxe4 {[%clk 1:26:29]} 5. fxe4 {[%clk 1:30:31]} e5
{[%clk 1:26:26]} 6. Nf3 {[%clk 1:28:05]} exd4 {[%clk 1:24:56]} 7. Qxd4
{[%clk 1:27:37]} Qxd4 {[%clk 1:24:12]} 8. Nxd4 {[%clk 1:28:02]} Bb4
{[%clk 1:21:15]} 9. Bd2 {[%clk 1:15:45]} Nf6 {[%clk 1:18:00]} 10. Bd3
{[%clk 1:09:46]} Nbd7 {[%clk 1:15:44]} 11. Nf5 {[%clk 1:02:52]} O-O
{[%clk 1:13:49]} 12. a3 {[%clk 1:01:12]} Ba5 {[%clk 1:13:12]} 13. b4
{[%clk 0:52:27]} Bb6 {[%clk 1:12:27]} 14. Bf4 {[%clk 0:45:31]} Ng4
{[%clk 1:07:20]} 15. Rf1 {[%clk 0:31:23]} Bd8 {[%clk 0:53:29]} 16. Kd2
{[%clk 0:25:02]} Nge5 {[%clk 0:51:15]} 17. Rab1 {[%clk 0:20:24]} Ng6
{[%clk 0:49:54]} 18. Bd6 {[%clk 0:18:55]} Bg5+ {[%clk 0:48:10]} 19. Kd1
{[%clk 0:18:53]} Re8 {[%clk 0:48:04]} 20. Ne2 {[%clk 0:15:42]} Nde5
{[%clk 0:47:21]} 21. Neg3 {[%clk 0:15:19]} Nf4 {[%clk 0:40:44]} 22. h4
{[%clk 0:12:13]} Bxf5 {[%clk 0:23:27]} 23. Nxf5 {[%clk 0:12:14]} Nfxd3
{[%clk 0:23:09]} 24. hxg5 {[%clk 0:10:35]} Nb2+ {[%clk 0:22:28]} 25. Rxb2
{[%clk 0:09:46]} Nc4 {[%clk 0:22:41]} 26. Rb3 {[%clk 0:09:48]} Rad8
{[%clk 0:22:03]} 27. Rd3 {[%clk 0:07:33]} Nb2+ {[%clk 0:18:53]} 28. Kc1
{[%clk 0:07:00]} Nxd3+ {[%clk 0:17:54]} 29. cxd3 {[%clk 0:07:20]} Re6
{[%clk 0:16:32]} 30. e5 {[%clk 0:06:12]} f6 {[%clk 0:13:44]} 31. gxf6
{[%clk 0:06:20]} gxf6 {[%clk 0:14:03]} 32. d4 {[%clk 0:06:37]} Kf7
{[%clk 0:12:15]} 33. Rh1 {[%clk 0:05:16]} Kg6 {[%clk 0:10:43]} 34. g4
{[%clk 0:05:41]} Rd7 {[%clk 0:09:02]} 35. Rh5 {[%clk 0:04:03]} b6
{[%clk 0:08:54]} 36. Nh4+ {[%clk 0:03:58]} Kg7 {[%clk 0:08:59]} 37. exf6+
{[%clk 0:04:13]} Kxf6 {[%clk 0:04:54]} 38. Be5+ {[%clk 0:04:32]} Rxe5
{[%clk 0:03:39]} 39. dxe5+ {[%clk 0:04:51]} Ke6 {[%clk 0:04:04]} 40. Kc2
{[%clk 0:02:51]} Rg7 {[%clk 0:02:16]} 41. g5 {[%clk 0:00:48]} c5 {[%clk 0:00:44]}
42. bxc5 {[%clk 0:01:05]} Rc7 {[%clk 0:01:10]} 43. Kd3 {[%clk 0:29:06]} Rxc5
{[%clk 0:31:43]} 44. Nf3 {[%clk 0:29:20]} Ra5 {[%clk 0:29:46]} 45. Ke4
{[%clk 0:28:32]} Rxa3 {[%clk 0:28:54]} 46. Rxh7 1-0

[Event "1.CLZ 14/15,Unichess B-Karlovarsky sachklub"]
[Site "Praha"]
[Date "2015.02.15"]
[Round "8.6"]
[White "Krejcik, Jiri"]
[Black "Bretsnajdr, Vladimir"]
[Result "0-1"]
[BlackElo "2288"]
[WhiteElo "2189"]
[LiveChessVersion "1.4.4"]

1. e4 {[%clk 1:30:54]} c5 {[%clk 1:30:51]} 2. Nf3 {[%clk 1:31:18]} e6
{[%clk 1:31:13]} 3. d3 {[%clk 1:27:17]} Nc6 {[%clk 1:30:56]} 4. g3
{[%clk 1:26:44]} d5 {[%clk 1:30:49]} 5. Nbd2 {[%clk 1:26:58]} g6 {[%clk 1:30:35]}
6. Bg2 {[%clk 1:27:04]} Bg7 {[%clk 1:30:57]} 7. O-O {[%clk 1:27:15]} Nge7
{[%clk 1:31:06]} 8. Re1 {[%clk 1:26:42]} O-O {[%clk 1:31:26]} 9. Qe2
{[%clk 1:23:57]} b6 {[%clk 1:11:54]} 10. Nf1 {[%clk 1:18:15]} h6 {[%clk 1:00:32]}
11. h4 {[%clk 1:14:26]} e5 {[%clk 0:58:57]} 12. exd5 {[%clk 1:10:18]} Nxd5
{[%clk 0:59:26]} 13. Ne3 {[%clk 1:10:21]} Be6 {[%clk 0:46:28]} 14. Nc4
{[%clk 1:00:13]} f6 {[%clk 0:46:52]} 15. Ne3 {[%clk 0:42:52]} Qd7
{[%clk 0:43:16]} 16. c3 {[%clk 0:30:53]} Rad8 {[%clk 0:41:07]} 17. Nh2
{[%clk 0:27:08]} Nde7 {[%clk 0:38:15]} 18. Bf1 {[%clk 0:22:58]} f5
{[%clk 0:33:56]} 19. Ng2 {[%clk 0:22:13]} Bf7 {[%clk 0:18:09]} 20. f4
{[%clk 0:17:41]} exf4 {[%clk 0:18:30]} 21. Nxf4 {[%clk 0:17:44]} Rfe8
{[%clk 0:18:59]} 22. Qf2 {[%clk 0:16:38]} Ne5 {[%clk 0:18:12]} 23. Be3
{[%clk 0:14:39]} N7c6 {[%clk 0:15:32]} 24. a3 {[%clk 0:12:53]} a5
{[%clk 0:14:00]} 25. Rad1 {[%clk 0:11:58]} Qd6 {[%clk 0:10:40]} 26. Ng2
{[%clk 0:06:27]} Qf6 {[%clk 0:06:21]} 27. d4 {[%clk 0:05:13]} cxd4
{[%clk 0:06:50]} 28. cxd4 {[%clk 0:05:26]} Nc4 {[%clk 0:06:40]} 29. Bxc4
{[%clk 0:05:04]} Bxc4 {[%clk 0:07:10]} 30. d5 {[%clk 0:05:01]} Rxd5
{[%clk 0:06:17]} 31. Rxd5 {[%clk 0:04:57]} Bxd5 {[%clk 0:06:46]} 32. Bxb6
{[%clk 0:04:02]} Rxe1+ {[%clk 0:07:09]} 33. Nxe1 {[%clk 0:04:11]} Qxb2
{[%clk 0:07:14]} 34. Qxb2 {[%clk 0:03:31]} Bxb2 {[%clk 0:07:43]} 35. Bc5
{[%clk 0:03:23]} Ne5 {[%clk 0:07:02]} 36. Kf2 {[%clk 0:01:38]} Nc4
{[%clk 0:05:31]} 37. Nc2 {[%clk 0:01:36]} Be4 {[%clk 0:05:39]} 38. Ne3
{[%clk 0:00:56]} Nxa3 {[%clk 0:05:32]} 39. Nf3 {[%clk 0:00:52]} Nb5
{[%clk 0:03:16]} 40. Nc4 {[%clk 0:00:33]} Bc3 {[%clk 0:02:50]} 41. Ke3
{[%clk 0:30:27]} a4 {[%clk 0:28:37]} 42. Na3 {[%clk 0:27:50]} Nc7
{[%clk 0:22:52]} 43. Nd2 {[%clk 0:26:45]} Bd5 {[%clk 0:20:09]} 44. Ndc4
{[%clk 0:25:29]} Ne6 {[%clk 0:18:11]} 45. Bd6 {[%clk 0:24:21]} Bd4+
{[%clk 0:18:25]} 46. Kd3 {[%clk 0:24:04]} Be4+ {[%clk 0:18:50]} 47. Ke2
{[%clk 0:23:35]} Kf7 {[%clk 0:15:36]} 48. Nb5 {[%clk 0:23:26]} Bf6
{[%clk 0:09:39]} 49. Ne5+ {[%clk 0:17:55]} Kg7 {[%clk 0:09:46]} 50. Ke3
{[%clk 0:16:49]} Bd5 {[%clk 0:08:03]} 51. Kd3 {[%clk 0:14:11]} f4
{[%clk 0:05:39]} 52. Ng4 {[%clk 0:13:41]} fxg3 {[%clk 0:04:20]} 53. Bxg3
{[%clk 0:14:09]} Nc5+ {[%clk 0:04:19]} 54. Ke3 {[%clk 0:13:36]} Bb2
{[%clk 0:04:28]} 55. Be5+ Bxe5 56. Nxe5 {[%clk 0:14:22]} Ne6 {[%clk 0:05:10]} 57.
Nc3 {[%clk 0:14:19]} Bb3 {[%clk 0:05:37]} 58. Nb5 {[%clk 0:14:07]} h5
{[%clk 0:04:53]} 59. Ke4 {[%clk 0:12:21]} Bc2+ {[%clk 0:04:56]} 60. Ke3
{[%clk 0:12:40]} Kf6 {[%clk 0:04:12]} 61. Nf3 {[%clk 0:12:39]} Kf5
{[%clk 0:03:39]} 62. Nfd4+ {[%clk 0:13:04]} Nxd4 {[%clk 0:04:08]} 63. Nxd4+
{[%clk 0:13:32]} Kg4 {[%clk 0:04:37]} 64. Nxc2 {[%clk 0:11:20]} Kxh4
{[%clk 0:05:07]} 65. Kf4 {[%clk 0:08:43]} g5+ {[%clk 0:05:30]} 66. Kf3
{[%clk 0:09:12]} Kh3 {[%clk 0:05:03]} 67. Kf2 {[%clk 0:09:16]} Kh2
{[%clk 0:05:05]} 0-1

[Event "1.CLZ 14/15,Unichess B-Karlovarsky sachklub"]
[Site "Praha"]
[Date "2015.02.15"]
[Round "8.7"]
[White "Lamser, Jan"]
[Black "Vykouk, Jan"]
[Result "0-1"]
[BlackElo "2238"]
[WhiteElo "2147"]
[LiveChessVersion "1.4.4"]

1. d4 {[%clk 1:22:54]} Nf6 {[%clk 1:30:15]} 2. Nf3 {[%clk 1:23:11]} b5
{[%clk 1:28:16]} 3. Bg5 {[%clk 1:21:54]} Bb7 {[%clk 1:28:37]} 4. e3
{[%clk 1:18:27]} a6 {[%clk 1:28:54]} 5. Nbd2 {[%clk 1:17:58]} e6 {[%clk 1:28:30]}
6. Bd3 {[%clk 1:17:45]} c5 {[%clk 1:28:07]} 7. c3 {[%clk 1:13:42]} Be7
{[%clk 1:25:29]} 8. O-O {[%clk 1:14:06]} cxd4 {[%clk 1:21:32]} 9. cxd4
{[%clk 1:13:43]} Nc6 {[%clk 1:21:34]} 10. Rc1 {[%clk 1:09:18]} O-O
{[%clk 1:20:44]} 11. e4 {[%clk 1:06:58]} d6 {[%clk 1:19:55]} 12. Qe2
{[%clk 1:05:08]} h6 {[%clk 1:16:43]} 13. Bh4 {[%clk 0:57:55]} e5 {[%clk 0:55:00]}
14. d5 {[%clk 0:56:39]} Nb8 {[%clk 0:54:52]} 15. Bxf6 {[%clk 0:55:23]} Bxf6
{[%clk 0:55:12]} 16. a4 {[%clk 0:55:28]} bxa4 {[%clk 0:53:57]} 17. Rc4
{[%clk 0:52:55]} Nd7 {[%clk 0:54:05]} 18. Rxa4 {[%clk 0:53:15]} Nc5
{[%clk 0:54:10]} 19. Ra3 {[%clk 0:52:55]} a5 {[%clk 0:52:16]} 20. Nb3
{[%clk 0:45:54]} Nxd3 {[%clk 0:52:21]} 21. Qxd3 {[%clk 0:45:28]} Ba6
{[%clk 0:52:44]} 22. Qd2 {[%clk 0:45:41]} Bxf1 {[%clk 0:53:00]} 23. Kxf1
{[%clk 0:46:08]} a4 {[%clk 0:53:12]} 24. Nc1 {[%clk 0:45:58]} Bg5
{[%clk 0:52:18]} 25. Nxg5 {[%clk 0:46:03]} Qxg5 {[%clk 0:52:40]} 26. Qxg5
{[%clk 0:46:04]} hxg5 {[%clk 0:53:07]} 27. Nd3 {[%clk 0:46:06]} Rfb8
{[%clk 0:51:05]} 28. Ke2 {[%clk 0:45:59]} Rb3 {[%clk 0:49:16]} 29. Rxb3
{[%clk 0:46:20]} axb3 {[%clk 0:49:44]} 30. Kd2 {[%clk 0:46:26]} Rc8
{[%clk 0:50:06]} 0-1